100 Best Parliamentary Speeches 1947-97 (Record no. 302408)

MARC details
000 -LEADER
fixed length control field 00419nam a2200157Ia 4500
008 - FIXED-LENGTH DATA ELEMENTS--GENERAL INFORMATION
fixed length control field 230718s9999 xx 000 0 und d
041 ## - LANGUAGE CODE
Language code of text/sound track or separate title eng
082 ## - DEWEY DECIMAL CLASSIFICATION NUMBER
Classification number 658
Item number KAS
100 ## - MAIN ENTRY--PERSONAL NAME
Personal name Kashyap C.S.
9 (RLIN) 121214
245 ## - TITLE STATEMENT
Title 100 Best Parliamentary Speeches 1947-97
260 ## - PUBLICATION, DISTRIBUTION, ETC. (IMPRINT)
Date of publication, distribution, etc. 1998
Name of publisher, distributor, etc. Harper And Rao
300 ## - PHYSICAL DESCRIPTION
Extent 1025
365 ## - TRADE PRICE
Currency code Rs.
Price amount 795.00
700 ## - ADDED ENTRY--PERSONAL NAME
Personal name Kashyap C.S.
9 (RLIN) 121214
906 ## - LOCAL DATA ELEMENT F, LDF (RLIN)
d B:214918-Oct-2001
c MGMT
b 119.25
Holdings
Withdrawn status Lost status Damaged status Not for loan Home library Current library Date acquired Vendor Budget Code Cost, normal purchase price Bill number Total Checkouts Full call number Barcode Date last seen Discount Cost, replacement price Bill Date Koha item type Original Barcode
        Cummins College of Engineering for Women Pune Cummins College of Engineering for Women Pune 31/10/2001 Technical Book Services MGMT 675.75 2149   658 CCEP-BK-13615 18/07/2023 119.25 795.00 18/10/2001 Books 013615